CELTICS TOP 100 psp seasons - Statistics

General Stats
  • This quiz has been taken 19 times
  • The average score is 261 of 510
Answer Stats
Season Rk Player PSP Team Pos % Correct
2022 47 Al Horford 2529 BOS C
100%
2019 56 Al Horford 2391 BOS C
100%
2018 27 Al Horford 2879 BOS C
100%
2017 30 Al Horford 2841 BOS C
100%
1995 53 Dee Brown 2385 BOS SG
100%
1994 61 Dee Brown 2389 BOS SG
100%
1993 69 Dee Brown 2299 BOS PG
100%
2025 29 Derrick White 425 BOS SG
100%
2024 30 Derrick White 2926 BOS SG
100%
2023 53 Derrick White 2524 BOS SG
100%
2022 48 Derrick White 2529 SAS,BOS SG
100%
2017 6 Isaiah Thomas 3994 BOS PG
100%
2016 13 Isaiah Thomas 3416 BOS PG
100%
2015 72 Isaiah Thomas 2025 BOS,PHO PG
100%
2025 72 Jaylen Brown 282 BOS SF
100%
2024 20 Jaylen Brown 3341 BOS SF
100%
2023 13 Jaylen Brown 3538 BOS SF
100%
2022 12 Jaylen Brown 3440 BOS SF
100%
2021 44 Jaylen Brown 2271 BOS SG
100%
2020 34 Jaylen Brown 2454 BOS SG
100%
2018 61 Jaylen Brown 2174 BOS SG
100%
2025 2 Jayson Tatum 599 BOS SF
100%
2024 3 Jayson Tatum 4364 BOS PF
100%
2023 2 Jayson Tatum 4692 BOS SF
100%
2022 2 Jayson Tatum 4569 BOS SF
100%
2021 14 Jayson Tatum 3133 BOS SF
100%
2020 9 Jayson Tatum 3371 BOS PF
100%
2019 53 Jayson Tatum 2445 BOS SF
100%
2018 40 Jayson Tatum 2482 BOS SF
100%
1977 10 Jo Jo White 3483 BOS PG
100%
1976 9 Jo Jo White 3581 BOS PG
100%
1975 14 Jo Jo White 3292 BOS PG
100%
1974 10 Jo Jo White 3451 BOS PG
100%
1973 14 Jo Jo White 3561 BOS PG
100%
1972 16 Jo Jo White 3536 BOS PG
100%
1971 42 Jo Jo White 2699 BOS PG
100%
1970 96 Jo Jo White 1188 BOS PG
100%
2013 63 Kevin Garnett 2203 BOS C
100%
2012 13 Kevin Garnett 2610 BOS C
100%
2011 45 Kevin Garnett 2485 BOS PF
100%
2010 40 Kevin Garnett 2668 BOS PF
100%
2008 9 Kevin Garnett 3711 BOS PF
100%
2019 19 Kyrie Irving 3370 BOS PG
100%
2018 53 Kyrie Irving 2387 BOS PG
100%
1992 85 Larry Bird 2137 BOS SF
100%
1991 22 Larry Bird 3090 BOS SF
100%
1990 13 Larry Bird 4089 BOS SF
100%
1988 3 Larry Bird 4941 BOS SF
100%
1987 2 Larry Bird 5324 BOS SF
100%
1986 1 Larry Bird 5229 BOS SF
100%
1985 1 Larry Bird 5411 BOS SF
100%
1984 1 Larry Bird 5194 BOS PF
100%
1983 4 Larry Bird 4168 BOS PF
100%
1982 4 Larry Bird 4239 BOS PF
100%
1981 2 Larry Bird 4635 BOS PF
100%
1980 5 Larry Bird 3932 BOS PF
100%
2013 21 Paul Pierce 2992 BOS SF
100%
2012 9 Paul Pierce 2812 BOS SF
100%
2011 29 Paul Pierce 2890 BOS SF
100%
2010 24 Paul Pierce 2953 BOS SF
100%
2009 13 Paul Pierce 3291 BOS SF
100%
2008 7 Paul Pierce 3758 BOS SF
100%
2007 88 Paul Pierce 1899 BOS SG
100%
2006 15 Paul Pierce 3537 BOS SF
100%
2005 14 Paul Pierce 3477 BOS SF
100%
2004 6 Paul Pierce 3508 BOS SG
100%
2003 8 Paul Pierce 4049 BOS SG
100%
2002 4 Paul Pierce 4182 BOS SG
100%
2001 22 Paul Pierce 3306 BOS SF
100%
2000 53 Paul Pierce 2479 BOS SF
100%
1999 58 Paul Pierce 1462 BOS SF
100%
2015 56 Rajon Rondo 2188 DAL,BOS PG
100%
2012 4 Rajon Rondo 3183 BOS PG
100%
2011 20 Rajon Rondo 3059 BOS PG
100%
2010 3 Rajon Rondo 4266 BOS PG
100%
2009 8 Rajon Rondo 3531 BOS PG
100%
2008 33 Rajon Rondo 2834 BOS PG
100%
2012 97 Ray Allen 1393 BOS SG
100%
2011 57 Ray Allen 2386 BOS SG
100%
2010 39 Ray Allen 2684 BOS SG
100%
2009 38 Ray Allen 2635 BOS SG
100%
2008 41 Ray Allen 2749 BOS SG
100%
2005 25 Antoine Walker 3030 ATL,BOS PF
92%
2003 16 Antoine Walker 3393 BOS PF
92%
2002 5 Antoine Walker 4108 BOS PF
92%
2001 10 Antoine Walker 3688 BOS PF
92%
2000 22 Antoine Walker 3091 BOS PF
92%
1999 55 Antoine Walker 1494 BOS PF
92%
1998 10 Antoine Walker 3424 BOS PF
92%
1997 36 Antoine Walker 2858 BOS PF
92%
1972 93 Art Williams 1481 BOS PG
92%
1951 62 Brady Walker 976 BLB,BOS PF
92%
1950 87 Brady Walker 726 BOS PF
92%
1989 97 Dennis Johnson 2003 BOS PG
92%
1988 22 Dennis Johnson 3186 BOS PG
92%
1987 15 Dennis Johnson 3596 BOS PG
92%
1986 21 Dennis Johnson 3163 BOS PG
92%
1985 9 Dennis Johnson 3588 BOS PG
92%
1984 39 Dennis Johnson 2829 BOS SG
92%
2025 81 Jrue Holiday 272 BOS PG
92%
2024 55 Jrue Holiday 2578 BOS PG
92%
2020 27 Kemba Walker 2571 BOS PG
92%
2010 84 Kendrick Perkins 2063 BOS C
92%
2009 82 Kendrick Perkins 2042 BOS C
92%
2024 88 Kristaps Porzingis 2086 BOS C
92%
2022 86 Robert Williams 1947 BOS C
92%
1969 7 Bill Russell 3754 BOS C
83%
1968 3 Bill Russell 4048 BOS C
83%
1967 4 Bill Russell 4112 BOS C
83%
1966 4 Bill Russell 4448 BOS C
83%
1965 3 Bill Russell 4452 BOS C
83%
1964 4 Bill Russell 4329 BOS C
83%
1963 4 Bill Russell 4570 BOS C
83%
1962 3 Bill Russell 4732 BOS C
83%
1961 4 Bill Russell 4312 BOS C
83%
1960 2 Bill Russell 4335 BOS C
83%
1959 3 Bill Russell 3780 BOS C
83%
1958 2 Bill Russell 3515 BOS C
83%
1957 12 Bill Russell 2272 BOS C
83%
1963 17 Bob Cousy 2673 BOS PG
83%
1962 12 Bob Cousy 3138 BOS PG
83%
1961 12 Bob Cousy 3275 BOS PG
83%
1960 6 Bob Cousy 3716 BOS PG
83%
1959 5 Bob Cousy 3298 BOS PG
83%
1958 7 Bob Cousy 2848 BOS PG
83%
1957 4 Bob Cousy 3033 BOS PG
83%
1956 3 Bob Cousy 3287 BOS PG
83%
1955 1 Bob Cousy 3367 BOS PG
83%
1954 2 Bob Cousy 3047 BOS PG
83%
1953 2 Bob Cousy 3202 BOS PG
83%
1952 3 Bob Cousy 2879 BOS PG
83%
1951 7 Bob Cousy 2301 BOS PG
83%
1978 56 John Havlicek 2422 BOS SF
83%
1977 21 John Havlicek 3029 BOS SF
83%
1976 39 John Havlicek 2658 BOS SF
83%
1975 9 John Havlicek 3455 BOS SF
83%
1974 6 John Havlicek 4073 BOS SF
83%
1973 5 John Havlicek 4004 BOS SF
83%
1972 2 John Havlicek 4685 BOS SF
83%
1971 3 John Havlicek 4282 BOS SF
83%
1970 8 John Havlicek 3695 BOS SG
83%
1969 4 John Havlicek 4060 BOS SG
83%
1968 4 John Havlicek 3955 BOS SG
83%
1967 11 John Havlicek 3197 BOS SF
83%
1966 12 John Havlicek 2872 BOS SF
83%
1965 21 John Havlicek 2512 BOS SG
83%
1964 14 John Havlicek 2763 BOS SF
83%
1963 29 John Havlicek 2249 BOS SF
83%
1991 51 Kevin McHale 2513 BOS PF
83%
1990 26 Kevin McHale 3107 BOS PF
83%
1989 30 Kevin McHale 2964 BOS PF
83%
1988 24 Kevin McHale 3128 BOS PF
83%
1987 6 Kevin McHale 4130 BOS PF
83%
1986 17 Kevin McHale 3274 BOS PF
83%
1985 13 Kevin McHale 3503 BOS PF
83%
1984 27 Kevin McHale 3053 BOS PF
83%
1983 64 Kevin McHale 2286 BOS PF
83%
1982 50 Kevin McHale 2403 BOS PF
83%
1993 85 Robert Parish 2143 BOS C
83%
1992 64 Robert Parish 2392 BOS C
83%
1991 41 Robert Parish 2641 BOS C
83%
1990 62 Robert Parish 2519 BOS C
83%
1989 26 Robert Parish 3118 BOS C
83%
1988 55 Robert Parish 2548 BOS C
83%
1987 18 Robert Parish 3492 BOS C
83%
1986 22 Robert Parish 3063 BOS C
83%
1985 19 Robert Parish 3336 BOS C
83%
1984 9 Robert Parish 3534 BOS C
83%
1983 24 Robert Parish 3054 BOS C
83%
1982 12 Robert Parish 3475 BOS C
83%
1981 9 Robert Parish 3411 BOS C
83%
1986 96 Bill Walton 1926 BOS C
75%
1984 61 Cedric Maxwell 2445 BOS SF
75%
1983 82 Cedric Maxwell 2035 BOS SF
75%
1982 46 Cedric Maxwell 2486 BOS SF
75%
1981 26 Cedric Maxwell 2863 BOS SF
75%
1980 30 Cedric Maxwell 2896 BOS SF
75%
1979 31 Cedric Maxwell 2937 BOS SF
75%
1980 69 Dave Cowens 2248 BOS C
75%
1979 60 Dave Cowens 2390 BOS C
75%
1978 14 Dave Cowens 3384 BOS C
75%
1977 51 Dave Cowens 2482 BOS C
75%
1976 3 Dave Cowens 4415 BOS C
75%
1975 7 Dave Cowens 3561 BOS C
75%
1974 2 Dave Cowens 4458 BOS C
75%
1973 3 Dave Cowens 4276 BOS C
75%
1972 13 Dave Cowens 3570 BOS C
75%
1971 24 Dave Cowens 3045 BOS C
75%
1967 54 K.C. Jones 1679 BOS PG
75%
1966 27 K.C. Jones 2330 BOS PG
75%
1965 26 K.C. Jones 2149 BOS PG
75%
1964 29 K.C. Jones 2076 BOS PG
75%
1963 43 K.C. Jones 1638 BOS PG
75%
1962 38 K.C. Jones 2011 BOS PG
75%
1961 47 K.C. Jones 1451 BOS PG
75%
1960 58 K.C. Jones 1187 BOS PG
75%
1959 80 K.C. Jones 485 BOS PG
75%
2023 59 Marcus Smart 2384 BOS PG
75%
2022 33 Marcus Smart 2798 BOS PG
75%
2021 100 Marcus Smart 1634 BOS PG
75%
2020 48 Marcus Smart 2233 BOS SG
75%
2017 48 Marcus Smart 2480 BOS SG
75%
2025 75 Payton Pritchard 278 BOS SG
75%
1993 38 Reggie Lewis 2826 BOS SG
75%
1992 24 Reggie Lewis 3130 BOS SG
75%
1991 32 Reggie Lewis 2869 BOS SG
75%
1990 63 Reggie Lewis 2467 BOS SG
75%
1989 52 Reggie Lewis 2613 BOS SF
75%
1969 49 Sam Jones 2204 BOS SG
75%
1968 22 Sam Jones 2896 BOS SG
75%
1967 21 Sam Jones 2708 BOS SG
75%
1966 11 Sam Jones 2970 BOS SG
75%
1965 7 Sam Jones 3385 BOS SG
75%
1964 19 Sam Jones 2551 BOS SG
75%
1963 13 Sam Jones 2831 BOS SG
75%
1962 20 Sam Jones 2832 BOS SG
75%
1961 26 Sam Jones 2255 BOS SG
75%
1960 31 Sam Jones 1687 BOS SG
75%
1959 31 Sam Jones 1601 BOS SG
75%
1958 74 Sam Jones 557 BOS SG
75%
2017 72 Avery Bradley 2031 BOS SG
67%
2016 93 Avery Bradley 1852 BOS SG
67%
1961 41 Bill Sharman 1720 BOS SG
67%
1960 24 Bill Sharman 2224 BOS SG
67%
1959 14 Bill Sharman 2429 BOS SG
67%
1958 14 Bill Sharman 2367 BOS SG
67%
1957 10 Bill Sharman 2475 BOS SG
67%
1956 12 Bill Sharman 2454 BOS SG
67%
1955 12 Bill Sharman 2374 BOS SG
67%
1954 13 Bill Sharman 2026 BOS SG
67%
1953 20 Bill Sharman 1932 BOS SG
67%
1952 50 Bill Sharman 1226 BOS SG
67%
1989 65 Danny Ainge 2441 BOS,SAC PG
67%
1988 23 Danny Ainge 3136 BOS SG
67%
1987 43 Danny Ainge 2769 BOS SG
67%
1986 48 Danny Ainge 2585 BOS SG
67%
1985 45 Danny Ainge 2729 BOS SG
67%
2015 67 Jeff Green 2049 MEM,BOS SF
67%
2014 70 Jeff Green 2142 BOS SF
67%
2013 87 Jeff Green 1922 BOS PF
67%
2007 71 Al Jefferson 2193 BOS C
58%
2016 51 Evan Turner 2258 BOS SG
58%
2015 44 Evan Turner 2308 BOS SG
58%
2020 76 Gordon Hayward 1852 BOS SF
58%
2019 97 Gordon Hayward 1895 BOS PF
58%
2017 57 Jae Crowder 2301 BOS SF
58%
2016 75 Jae Crowder 1976 BOS SF
58%
2016 65 Jared Sullinger 2076 BOS PF
58%
2014 96 Jared Sullinger 1903 BOS PF
58%
2018 36 Terry Rozier 2500 BOS PG
58%
1982 56 Tiny Archibald 2324 BOS PG
58%
1981 13 Tiny Archibald 3132 BOS PG
58%
1980 20 Tiny Archibald 3077 BOS PG
58%
1965 35 Tom Heinsohn 1907 BOS SF
58%
1964 22 Tom Heinsohn 2389 BOS PF
58%
1963 18 Tom Heinsohn 2666 BOS PF
58%
1962 9 Tom Heinsohn 3292 BOS PF
58%
1961 17 Tom Heinsohn 2929 BOS PF
58%
1960 9 Tom Heinsohn 3229 BOS PF
58%
1959 11 Tom Heinsohn 2589 BOS PF
58%
1958 10 Tom Heinsohn 2532 BOS PF
58%
1957 9 Tom Heinsohn 2488 BOS PF
58%
1998 100 Chauncey Billups 1822 BOS,TOR PG
50%
1995 55 Dominique Wilkins 2318 BOS SF
50%
1956 17 Ed Macauley 2140 BOS C
50%
1955 6 Ed Macauley 2641 BOS C
50%
1954 5 Ed Macauley 2545 BOS C
50%
1953 4 Ed Macauley 2792 BOS C
50%
1952 6 Ed Macauley 2382 BOS C
50%
1951 5 Ed Macauley 2582 BOS
50%
2002 56 Kenny Anderson 2378 BOS PG
50%
2000 58 Kenny Anderson 2361 BOS PG
50%
2019 86 Marcus Morris 2014 BOS PF
50%
2006 39 Ricky Davis 2763 BOS,MIN SG,SF
50%
2005 52 Ricky Davis 2317 BOS SG
50%
2004 68 Ricky Davis 2223 BOS,CLE SF,SG
50%
1970 66 Bailey Howell 1823 BOS PF
42%
1969 28 Bailey Howell 2922 BOS PF
42%
1968 12 Bailey Howell 3226 BOS PF
42%
1967 20 Bailey Howell 2718 BOS PF
42%
1979 54 Bob McAdoo 2484 BOS,NYK C,PF
42%
2012 68 Brandon Bass 1681 BOS PF
42%
1978 67 Charlie Scott 2271 LAL,BOS SG
42%
1977 100 Charlie Scott 1713 BOS SG
42%
1976 16 Charlie Scott 3134 BOS SG
42%
2020 91 Daniel Theis 1720 BOS C
42%
2006 91 Delonte West 1913 BOS PG
42%
1995 68 Dino Radja 2189 BOS PF
42%
1994 83 Dino Radja 2150 BOS PF
42%
1975 52 Don Nelson 2257 BOS SF
42%
1974 67 Don Nelson 2027 BOS SF
42%
1973 86 Don Nelson 1507 BOS SF
42%
1972 53 Don Nelson 2219 BOS PF
42%
1971 66 Don Nelson 2012 BOS SF
42%
1970 52 Don Nelson 2156 BOS PF
42%
1969 65 Don Nelson 1940 BOS SF
42%
1968 56 Don Nelson 1900 BOS SF
42%
1967 71 Don Nelson 1144 BOS SF
42%
1966 49 Don Nelson 1579 BOS SF
42%
2005 51 Gary Payton 2319 BOS PG
42%
1965 84 John Thompson 517 BOS PF
42%
2023 74 Malcolm Brogdon 2249 BOS PG
42%
1976 20 Paul Silas 2940 BOS PF
42%
1975 28 Paul Silas 2747 BOS PF
42%
1974 33 Paul Silas 2765 BOS PF
42%
1973 24 Paul Silas 3006 BOS PF
42%
1997 58 Rick Fox 2347 BOS SF
42%
1996 52 Rick Fox 2479 BOS SF
42%
1970 99 Tom Sanders 1151 BOS SF
42%
1969 67 Tom Sanders 1858 BOS SF
42%
1968 71 Tom Sanders 1649 BOS SF
42%
1967 59 Tom Sanders 1542 BOS SF
42%
1966 34 Tom Sanders 1991 BOS PF
42%
1965 29 Tom Sanders 2085 BOS PF
42%
1964 35 Tom Sanders 1953 BOS PF
42%
1963 36 Tom Sanders 1892 BOS SF
42%
1962 33 Tom Sanders 2091 BOS SF
42%
1961 61 Tom Sanders 1023 BOS SF
42%
1991 24 Brian Shaw 3076 BOS PG
33%
1989 77 Brian Shaw 2237 BOS SG
33%
1979 58 Chris Ford 2410 BOS,DET SG
33%
1975 70 Don Chaney 1920 BOS SG
33%
1974 66 Don Chaney 2081 BOS SG
33%
1973 61 Don Chaney 2109 BOS SG
33%
1972 65 Don Chaney 1922 BOS SG
33%
1971 75 Don Chaney 1863 BOS SG
33%
1964 58 Frank Ramsey 1136 BOS SG
33%
1963 47 Frank Ramsey 1484 BOS SG
33%
1962 39 Frank Ramsey 1988 BOS SG
33%
1961 28 Frank Ramsey 2195 BOS SG
33%
1960 23 Frank Ramsey 2268 BOS SG
33%
1959 15 Frank Ramsey 2255 BOS SG
33%
1958 18 Frank Ramsey 2299 BOS SG
33%
1957 58 Frank Ramsey 929 BOS SG
33%
1955 37 Frank Ramsey 1629 BOS SF
33%
1984 67 Gerald Henderson Sr. 2354 BOS PG
33%
1982 99 Gerald Henderson Sr. 1819 BOS PG
33%
1992 82 Kevin Gamble 2186 BOS SF
33%
1991 68 Kevin Gamble 2317 BOS SF
33%
1980 94 M.L. Carr 1856 BOS SF
33%
2006 65 Wally Szczerbiak 2164 BOS,MIN SF
33%
1954 45 Bob Harris 1214 BOS SF
25%
1953 44 Bob Harris 1322 BOS SF
25%
1952 41 Bob Harris 1341 BOS PF
25%
1951 74 Bob Harris 716 BOS,FTW
25%
1978 90 Dave Bing 1997 BOS PG
25%
1992 97 John Bagley 2024 BOS PG
25%
1947 29 Red Wallace 672 BOS,TRH
25%
1996 92 Sherman Douglas 2010 BOS,MIL PG
25%
1995 61 Sherman Douglas 2249 BOS PG
25%
1994 45 Sherman Douglas 2699 BOS PG
25%
1962 48 Al Butler 1574 BOS,NYK PG
17%
1948 3 Ed Sadowski 1131 BOS
17%
1964 95 Jim Loscutoff 317 BOS SF
17%
1963 90 Jim Loscutoff 455 BOS SF
17%
1962 71 Jim Loscutoff 989 BOS SF
17%
1961 70 Jim Loscutoff 756 BOS SF
17%
1960 84 Jim Loscutoff 286 BOS SF
17%
1959 47 Jim Loscutoff 1314 BOS SF
17%
1958 92 Jim Loscutoff 45 BOS SF
17%
1957 24 Jim Loscutoff 1825 BOS SF
17%
1956 41 Jim Loscutoff 1406 BOS SF
17%
1970 68 Larry Siegfried 1794 BOS PG
17%
1969 40 Larry Siegfried 2471 BOS PG
17%
1968 55 Larry Siegfried 1946 BOS PG
17%
1967 42 Larry Siegfried 1997 BOS PG
17%
1966 41 Larry Siegfried 1846 BOS PG
17%
1965 67 Larry Siegfried 978 BOS SG
17%
1964 97 Larry Siegfried 245 BOS SG
17%
2004 96 Mark Blount 1875 BOS C
17%
2002 93 Rodney Rogers 1905 BOS,PHO SF
17%
1997 99 Todd Day 1898 BOS SG
17%
1993 86 Xavier McDaniel 2139 BOS PF
17%
1958 69 Andy Phillip 681 BOS PG
8%
1957 62 Andy Phillip 891 BOS PG
8%
1964 86 Clyde Lovellette 506 BOS C
8%
1963 81 Clyde Lovellette 651 BOS C
8%
1997 39 David Wesley 2753 BOS PG
8%
1996 78 David Wesley 2164 BOS PG
8%
1970 93 Em Bryant 1286 BOS PG
8%
1969 84 Em Bryant 1397 BOS PG
8%
1970 79 Hank Finkel 1595 BOS C
8%
1966 63 Mel Counts 1183 BOS C
8%
1965 80 Mel Counts 583 BOS C
8%
1975 83 Paul Westphal 1720 BOS SG
8%
2005 94 Raef LaFrentz 1890 BOS PF
8%
1980 96 Rick Robey 1841 BOS C
8%
1999 90 Ron Mercer 1140 BOS SG
8%
1998 84 Ron Mercer 1995 BOS SG
8%
1978 71 Sidney Wicks 2211 BOS PF
8%
1977 33 Sidney Wicks 2774 BOS PF
8%
1966 60 Willie Naulls 1276 BOS SF
8%
1965 53 Willie Naulls 1384 BOS SF
8%
1964 49 Willie Naulls 1404 BOS SF
8%
1947 27 Al Brightman 687 BOS
0%
1958 56 Arnie Risen 968 BOS C
0%
1957 63 Arnie Risen 885 BOS C
0%
1956 43 Arnie Risen 1362 BOS C
0%
1949 87 Art Spector 478 BOS
0%
1948 58 Art Spector 234 BOS
0%
1947 56 Art Spector 421 BOS
0%
1959 75 Bennie Swain 606 BOS PF
0%
1955 43 Bob Brannum 1356 BOS PF
0%
1954 37 Bob Brannum 1299 BOS PF
0%
1953 42 Bob Brannum 1389 BOS PF
0%
1952 60 Bob Brannum 988 BOS PF
0%
1949 68 Bob Doll 604 BOS
0%
1954 56 Bob Donham 1083 BOS SG
0%
1953 56 Bob Donham 1076 BOS SG
0%
1952 35 Bob Donham 1411 BOS SG
0%
1951 63 Bob Donham 954 BOS SG
0%
1955 54 Bob Houbregs 1071 FTW,BLB,BOS C
0%
1950 64 Bob Kinney 867 BOS
0%
1949 67 Bob Kinney 612 BOS,FTW
0%
1952 72 Bones McKinney 748 BOS SF
0%
1951 77 Bones McKinney 682 BOS,WSC SF
0%
1949 41 Bulbs Ehlers 780 BOS
0%
1948 44 Bulbs Ehlers 374 BOS
0%
1962 86 Carl Braun 404 BOS PG
0%
1948 78 Cecil Hankins 86 BOS
0%
1948 91 Charlie Hoefer 16 BOS
0%
1947 57 Charlie Hoefer 417 BOS,TRH
0%
1949 37 Chick Halbert 844 BOS,PRO
0%
1948 92 Chuck Connors 14 BOS
0%
1947 80 Chuck Connors 307 BOS
0%
1954 68 Chuck Cooper 749 BOS SF
0%
1953 46 Chuck Cooper 1248 BOS SF
0%
1952 38 Chuck Cooper 1370 BOS SF
0%
1951 33 Chuck Cooper 1554 BOS
0%
1948 19 Connie Simmons 644 BOS,BLB
0%
1947 23 Connie Simmons 744 BOS
0%
1977 94 Curtis Rowe 1831 BOS PF
0%
1963 96 Dan Swartz 305 BOS SF
0%
1952 94 Dick Dickey 329 BOS PG
0%
1957 69 Dick Hemric 765 BOS PF
0%
1956 60 Dick Hemric 1061 BOS PF
0%
1951 61 Dick Mehen 979 FTW,BLB,BOS PF
0%
1955 35 Don Barksdale 1666 BOS SF
0%
1954 52 Don Barksdale 1111 BOS PF
0%
1951 76 Ed Leede 693 BOS
0%
1950 68 Ed Leede 831 BOS
0%
1954 97 Ed Mikan 47 BOS C
0%
1956 56 Ernie Barrett 1124 BOS SG
0%
1954 78 Ernie Barrett 366 BOS SG
0%
1951 67 Frank Kudelka 822 BOS,WSC
0%
1955 73 Fred Scolari 477 BOS PG
0%
1962 83 Gary Phillips 520 BOS PG
0%
1961 55 Gene Conley 1166 BOS PF
0%
1960 48 Gene Conley 1338 BOS PF
0%
1959 71 Gene Conley 666 BOS PF
0%
1953 93 Gene Conley 297 BOS PF
0%
1962 90 Gene Guarilia 321 BOS SF
0%
1961 87 Gene Guarilia 160 BOS SF
0%
1960 82 Gene Guarilia 305 BOS SF
0%
1949 70 Gene Stump 590 BOS
0%
1948 65 Gene Stump 180 BOS
0%
1950 70 George Kaftan 824 BOS SF
0%
1949 94 George Kaftan 426 BOS SF
0%
1948 80 George Munroe 83 BOS
0%
1949 42 George Nostrand 777 PRO,BOS
0%
1947 95 Harold Kottman 199 BOS
0%
1951 79 Harry Boykoff 666 BOS,TRI
0%
1950 55 Howie Shannon 935 BOS
0%
1948 40 Jack Garfinkel 417 BOS
0%
1947 83 Jack Garfinkel 295 BOS
0%
1948 83 Jack Hewson 67 BOS
0%
1958 58 Jack Nichols 941 BOS PF
0%
1957 49 Jack Nichols 1108 BOS PF
0%
1956 23 Jack Nichols 1902 BOS PF
0%
1955 38 Jack Nichols 1625 BOS PF
0%
1954 43 Jack Nichols 1234 MLH,BOS PF
0%
1947 81 Jerry Kelly 298 BOS
0%
1950 73 Jim Seminoff 810 BOS
0%
1949 31 Jim Seminoff 915 BOS
0%
1948 87 John Janisch 41 BOS,PRO
0%
1953 82 John Mahnken 559 BOS C
0%
1952 86 John Mahnken 463 BOS C
0%
1951 78 John Mahnken 673 INO,BOS C
0%
1949 85 Johnny Ezersky 499 BLB,BOS,PRO
0%
1947 63 Johnny Simmons 376 BOS
0%
1960 69 John Richter 719 BOS C
0%
1953 94 Kenny Rollins 277 BOS PG
0%
1951 66 Kenny Sailors 913 BLB,BOS
0%
1951 49 Kleggie Hermsen 1170 TRI,BOS
0%
1959 82 Lou Tsioropoulos 295 BOS SF
0%
1958 44 Lou Tsioropoulos 1357 BOS SF
0%
1957 76 Lou Tsioropoulos 500 BOS SF
0%
1960 97 Maurice King 18 BOS PG
0%
1949 63 Mel Riebe 631 BOS,PRO
0%
1948 23 Mel Riebe 619 BOS
0%
1948 22 Mike Bloom 624 BLB,BOS
0%
2004 92 Mike James 1900 DET,BOS PG
0%
1947 91 Moe Becker 222 BOS,DTF,PIT
0%
1956 71 Red Morrison 688 BOS C
0%
1955 56 Red Morrison 950 BOS C
0%
1966 95 Ron Bonham 281 BOS SG
0%
1965 88 Ron Bonham 405 BOS SF
0%
1948 34 Saul Mariaschin 484 BOS
0%
1951 36 Sonny Hertzberg 1401 BOS
0%
1950 36 Sonny Hertzberg 1093 BOS
0%
1948 71 Stan Noszka 115 BOS
0%
1971 96 Steve Kuberski 1453 BOS PF
0%
1957 54 Togo Palazzi 989 SYR,BOS SF
0%
1956 72 Togo Palazzi 645 BOS SF
0%
1955 72 Togo Palazzi 498 BOS SG
0%
1947 52 Tony Kappen 440 BOS,PIT
0%
1968 96 Wayne Embry 1036 BOS C
0%
1967 86 Wayne Embry 799 BOS C
0%
1966 94 Woody Sauldsberry 343 BOS PF
0%
1947 51 Wyndol Gray 444 BOS
0%
No matching quizzes found
Score Distribution
Percent of People with Each Score
Percentile by Number Answered
Your Score History
You have not taken this quiz